| 000 | 00946cam a2200277u 4500 | ||
|---|---|---|---|
| 001 | 7814454 | ||
| 003 | OSt | ||
| 005 | 20230627111646.0 | ||
| 008 | 821206s1931 nyuafg 000 0 eng | ||
| 010 | _a 31025411 | ||
| 040 |
_aDLC _cCarP _dDLC |
||
| 043 |
_af------ _af-nr--- |
||
| 050 | 0 | 0 |
_aDT351 _b.B23 |
| 082 |
_a333.7 _bBAK |
||
| 100 | 1 |
_aBaker, Richard St. Barbe, _d1889-1982. |
|
| 245 | 1 | 0 |
_aMen of the trees; _cin the mahogany forests of Kenya and Nigeria, |
| 260 |
_aNew York, _bL. MacVeagh, The Dial press; _aToronto, _bLongmans, Green & co., _c1931. |
||
| 300 |
_axv p., 1 l., _b19-283 p. front., illus. (music) plates. _c24 cm. |
||
| 650 | 0 |
_aForests and forestry _zAfrica. |
|
| 650 | 0 |
_aIndigenous peoples _zAfrica. |
|
| 651 | 0 |
_aKenya _xDescription and travel. |
|
| 651 | 0 |
_aNigeria _xDescription and travel. |
|
| 651 | 0 |
_aAfrica _xSocial life and customs. |
|
| 906 |
_a0 _bcbc _cpremunv _du _encip _f19 _gy-gencatlg |
||
| 942 |
_2ddc _cBK |
||
| 999 |
_c2822 _d2822 |
||